NHL Abbreviations - Statistics

General Stats
  • This quiz has been taken 27 times
  • The average score is 16 of 20
Answer Stats
Abbreviation Answer % Correct
A Assists
100%
G Goals
100%
G Goaltender
92%
LW Left Wing
92%
PTS Points
92%
PP Power Play
92%
RW Right Wing
92%
C Center
88%
+ / - Plus Minus Rating
88%
SV Saves
84%
TOI Time on Ice
80%
LD Left Defenseman
72%
WPG Winnipeg Jets
72%
ANA Anaheim Ducks
68%
OTL Overtime Losses
68%
RD Right Defenseman
68%
SHG Shorthanded Goals
68%
SA Shots Against
60%
SO Shootout
56%
MET Metropolitan Conference
40%
No matching quizzes found
Score Distribution
Percent of People with Each Score
Percentile by Number Answered
Your Score History
You have not taken this quiz